Doce canciones gallegas / (Record no. 57065)

MARC details
000 -LEADER
campo de control de longitud fija 00504nam a2200169 i 4500
001 - NÚMERO DE CONTROL
campo de control 57065
003 - IDENTIFICADOR DE NÚMERO DE CONTROL
campo de control ES-MaACL
005 - FECHA Y HORA DE LA ÚLTIMA TRANSACCIÓN
campo de control 20230906163515.0
007 - CAMPO FIJO DE DESCRIPCIÓN FÍSICA--INFORMACIÓN GENERAL
campo de control de longitud fija t|
008 - DATOS DE LONGITUD FIJA--INFORMACIÓN GENERAL
campo de control de longitud fija 031014s1952 sp ||||1| spa d
245 00 - MENCIÓN DEL TÍTULO
Título Doce canciones gallegas /
Mención de responsabilidad, etc. Guridi...[et al.].
260 ## - PUBLICACIÓN, DISTRIBUCIÓN, ETC.
Lugar de publicación, distribución, etc. [S.l. :
Nombre del editor, distribuidor, etc. s.n.,
Fecha de publicación, distribución, etc. 1952] (
Lugar de fabricación/manufactura Orense :
Fabricante Gráf. Sánchez)
300 ## - DESCRIPCIÓN FÍSICA
Extensión 64 p., 29 lám. :
Otras características físicas part. ;
Dimensiones 29 cm.
500 ## - NOTA GENERAL
Nota general En cub.: Diputación Provincial.
700 1# - ENTRADA AGREGADA--NOMBRE PERSONAL
Nombre de persona Guridi.
9 (RLIN) 60980
852 ## - LOCALIZACIÓN
Ubicación ES-MaACL
Número de control de estantería 1566-F-14
Sublocalización o colección R.36063
Holdings
Estatus retirado Estado de pérdida Estado de daño No para préstamo Colección Biblioteca de origen Biblioteca actual Ubicación en estantería Fecha de adquisición Fuente de adquisición Total de préstamos Signatura topográfica completa Código de barras Visto por última vez Precio de reemplazo Tipo de ítem Koha
        Colección de folletos Biblioteca del Ateneo de Madrid Biblioteca del Ateneo de Madrid Depósito folletos 17/01/2008     1566-F-14 1059919 23/02/2023 23/02/2023 Folleto